000 00287nam a2200109Ia 4500
100 _aJavaraiah M. N.
245 0 _aYugaanthara “A play by Manaja”
264 _bBahujana Media Centre
_a Mysore
300 _a135
942 _cIR
999 _c120800
_d120800